banner-ar

العالم الهيللينستى : (Record no. 59924)

MARC details
000 -الفاتح
حقل البيانات ثابتة الطول 01272nam a22002657a 4500
005 - وقت وتاريخ اخر تعامل مع التسجيلة
رقم الضبط 20240530110343.0
008 - عناصر البيانات ثابتة الطول - معلومات عامة
حقل البيانات ثابتة الطول 141123s2009 ua bod gr 000 0 ara d
017 ## - رقم الايداع القانونى
رقم الايداع القانونى 7109/2009
المصدر ( الهيئة المختصة) مصر . دار الكتب
020 ## - الرقم الدولى المعيارى للكتب
الرقم الدولى المعيارى للكتاب 9789774791184
040 ## - مصدر الفهرسة
وكالة الفهرسة الأصلية EG-CaGPL
041 0# - رمز اللغة
رمز لغة النص/ المسارات الصوتية أو العنوان الانفرادي ara
082 04 - رقم تصنيف ديوى العشرى
رقم الطبعة 21
رقم التصنيف 938.08\
رقم المادة و ع
100 1# - المدخل الرئيسى - إسم شخصى
الإسم الشخصى ولبانك ، فرانك
245 12 - بيان العنوان
العنوان العالم الهيللينستى :
بقية العنوان حملة الاسكندرية على الشرق ونشاة الممالك الهيللينستية ممكلة مقدونيا - مملكة البطالة فى مصر - المملكة السلوقية فى سوريا /
بيان المسئوليه,etc تاليف فرانك ولبانك ؛ ترجمة وتقديم امال محمد محمد ؛ مراجعة محمد ابراهيم بكر
250 ## - بيان الطبعة
بيان الطبعة ط 1
260 ## - PUBLICATION, DISTRIBUTION, ETC. (IMPRINT)
تاريخ النشر أو التوزيع 2009
300 ## - الوصف المادى
التعداد 352 ص ؛
أبعاد الوعاء 24 سم
650 04 - المدخل الاضافى بالموضوع-مصطلح موضوعى
مصطلح موضوعي العالم الهللينستى
650 04 - المدخل الاضافى بالموضوع-مصطلح موضوعى
مصطلح موضوعي الحضارة الاغريقية
650 04 - المدخل الاضافى بالموضوع-مصطلح موضوعى
مصطلح موضوعي مصر
التقسيم الفرعي العام تاريخ
التقسيم الفرعي الزمني العصر اليونانى
700 0# - المدخل الاضافى - اسم شخصى
الإسم الشخصى امال محمد محمد
الدور مترجم
700 0# - المدخل الاضافى - اسم شخصى
الإسم الشخصى محمد ابراهيم بكر
الدور مراجع
942 ## - عناصر المدخل الإضافي( كوها)
مصدر التصنيف او مخطط الترفيف Dewey Decimal Classification
Koha [default] item type كتاب
260 ## - PUBLICATION, DISTRIBUTION, ETC. (IMPRINT)
-- القاهرة :
-- المركز القومى للترجمة ،
Holdings
حالة التراجع حالة الفقد حالة تلف ليس للاعارة المكان المؤقت الموقع الحالى تاريخ الاكتساب اجمالي اﻻعارات رقم الطلب الباركود تاريخ اخر مشاهدة تاريخ تفعيل السعر نوع وعاء كوها
        مكتبة القاهرة الكبرى مكتبة القاهرة الكبرى 11/23/2014   938.08\ و ع 158887 11/23/2014 11/23/2014 كتاب

Powered By

EGPV